| 000 | 00867nam a22002297a 4500 | ||
|---|---|---|---|
| 999 |
_c1271 _d1271 |
||
| 003 | AR-CdUCM | ||
| 008 | 190226b ||||| |||| 00| 0 spa d | ||
| 040 |
_aMUNICIPALIDAD PROVINCIAL DEL CUSCO _cBIBLIOTECA MUNICIPAL DEL CUSCO |
||
| 082 |
_a985.0331 / _bAN61 |
||
| 100 |
_aAngles Vargas, Víctor _94928 |
||
| 245 | _aJosé Gabriel Túpac Amaru / | ||
| 260 |
_aPerú : _bIndustrialGráfica S. A. ; _c2004. |
||
| 300 |
_a346 páginas : _bfotografías ; _c21cm. |
||
| 505 | _aContenido: El poderío de España -- Semblanza de Túpac Amaru -- Semblanza de Micaela Bastidas -- La abolición de la esclavitud -- El triunfo patriota en Sangarará ... | ||
| 650 |
_aDefensa _92293 |
||
| 650 |
_aLevantamiento _94929 |
||
| 650 |
_aAbolición _94930 |
||
| 650 |
_aRebelión _93924 |
||
| 650 |
_aMicaela Bastidas _94932 |
||
| 942 |
_2ddc _cLIBROS |
||
| 945 |
_anom _d2019-02-26 |
||